000 00291nam a22001217a 4500
008 180315b xxu||||| |||| 00| 0 eng d
041 _aeng
080 _24th
_a37
100 _a25
101 _aEDU
245 _aThe composition of everyday life a guide to writing
_cMauk,J
942 _2udc
_cBK
999 _c45144
_d45144